| 000 | 00924nam a2200277 a 4500 | ||
|---|---|---|---|
| 001 | 12745 | ||
| 003 | BD-JhCC | ||
| 005 | 20230510101334.0 | ||
| 008 | 230510s20211997enkb 000 0 eng d | ||
| 020 | _a9788172235390 | ||
| 035 | _a(BD-JhCC)17745 | ||
| 040 |
_aBDS _cBD-JhCC |
||
| 041 | 1 |
_aeng _hpor |
|
| 082 | 0 |
_a869.3 _221 _bCOE 2021 |
|
| 100 | 1 | _aCoelho, Paulo. | |
| 240 | 1 | 0 |
_aDiário de um Mago. _lEnglish |
| 245 | 1 | 4 |
_aThe pilgrimage : _ba contemporary quest for ancient wisdom / _cPaulo Coelho ; translated by Alan Clarke. |
| 260 |
_aLondon : _bThorsons, _c2021. |
||
| 300 |
_a226 p. : _bmap ; _c20 cm. |
||
| 500 | _aOriginally published in Portuguese as "O diário de um Mago", Rio de Janeiro : Editora Rocco, 1987. | ||
| 650 | 0 |
_aVoyages and travels _vFiction. |
|
| 651 | 0 |
_aSpain _vFiction. |
|
| 700 | 1 |
_aClarke, Alan _q(Alan R.) |
|
| 942 |
_2ddc _cBK |
||
| 999 |
_c12745 _d12745 |
||